| 000 | 01114ngm a2200205 a 4500 | ||
|---|---|---|---|
| 005 | 20240912063911.0 | ||
| 008 | 010611s2002 mx 090 d daspa d | ||
| 035 | _aUPN01000108009 | ||
| 049 | _aAV | ||
| 050 | 4 | _aPVI L 1201 | |
| 245 | 0 | 0 |
_aCurso taller de capacitación de tutores sesión 1, bienvenida al curso / _cconductor Gerardo Cortés Plascencia ; invitada Alejandra Romo López. |
| 260 |
_aMéxico : _bANUIES : _bSEP, Dirección General de Televisión Educativa, _c2002. |
||
| 300 |
_a1 videocasete (VHS) (90 min.) : _bson., col. |
||
| 520 | _aEl Secretario General de la ANUIES da la bienvenida a este curso por televisión. Así mismo se muestra un panorama general del curso, los indicadores a combatir, los objetivos del curso y su alcance. Este curso pretende informar sobre la problemática de los estudiantes de nivel superior y las formas de acercamiento entre maestro y alumno | ||
| 650 | 4 |
_aTutores (Educación) _95717 |
|
| 650 | 4 |
_aRelación maestro-estudiante _94168 |
|
| 650 | 2 |
_aOrientación estudiantil _923205 |
|
| 700 | 1 |
_aRomo López, Alejandra _ecolab. _933382 |
|
| 905 | _aAudiovisuales | ||
| 999 |
_c81921 _d81921 |
||